000 01115nam a22002057a 4500
999 _c18374
_d18374
003 BDDh-ASL
005 20231015025714.0
008 200928b2009 ||||| |||| 00| 0 d
040 _aBDDh-ASL
_cBDDh-ASL
_dBDDh-ASL
041 _aBengali
082 _a323.44
_bKHG
100 1 _aখানম, মাহফুজা
_91221
245 1 _aগণমানুষের মুক্তির আন্দোলনে, প্রথম খণ্ড /
_cমাহফুজা খানম ও তপন কুমার দে।
246 _aGono Manusher Muktir Andolone. Volume-01.
260 _aঢাকা:
_bমাহফুজ শফিক,
_c২০০৯।
300 _a৬০৮ পৃষ্ঠা:
_bছবি;
_c২২ সে. মি.।
650 0 _91223
_aমুক্তির আন্দোলন
_xবিভিন্ন শ্রেণির জনগণের মধ্যে রাষ্ট্রের সম্পর্ক
_xবিশিষ্ট ব্যক্তিবর্গের কর্মকান্ড
700 1 _aদে, তপন কুমার
_91222
942 _2ddc
_cBK